|
|
|
|
| LEADER |
00000cam a2200000 a 4500 |
| 001 |
vtls001473074 |
| 003 |
SK-MaSNL |
| 005 |
20260302073521.0 |
| 008 |
240226s2003 xo a g 000 h cze |
| 015 |
|
|
|a SNBA2004/11-06353
|
| 020 |
|
|
|a 8089000711
|q (viaz.)
|
| 035 |
|
|
|a SNK000428376
|
| 035 |
|
|
|a urn:nbn:sk:snk-am3hpc1
|
| 035 |
|
|
|a 6194848D-4AFF-4B76-8B5C-4822B1F0803E
|
| 035 |
|
|
|a urn:nbn:sk:snk-am00cubf
|
| 040 |
|
|
|a SNK
|b slo
|c SNK
|e AACR2
|
| 041 |
0 |
|
|a cze
|
| 044 |
|
|
|a xo
|c SK
|
| 072 |
|
7 |
|a 82-1/-8
|x Literárne formy a žánre
|2 konspekt
|
| 080 |
|
|
|a 82-7
|2 2001
|
| 080 |
|
|
|a (0:82-36)
|2 2001
|
| 245 |
0 |
0 |
|a Anekdoty od Kohna
|
| 250 |
|
|
|a [1. vyd.]
|
| 260 |
|
|
|a Bratislava
|b Nestor
|c 2003
|
| 300 |
|
|
|a 170 s.
|b ilustr.
|c 8 cm
|
| 490 |
1 |
|
|a Medailon
|
| 490 |
1 |
|
|a Edice miniatur. Anekdoty
|
| 500 |
|
|
|a Ilustr. na front. a predsádkach
|
| 650 |
0 |
7 |
|a humor
|2 SNKPH
|9 1763
|
| 655 |
|
7 |
|a anekdoty
|2 SNKPH
|9 70417
|
| 830 |
|
0 |
|a Medailon
|9 301128
|
| 830 |
|
0 |
|a Edice miniatur
|9 311106
|
| 919 |
|
|
|a 80-89000-71-1
|
| 958 |
|
|
|a LX
|
| 958 |
|
|
|a CZ
|
| 968 |
|
|
|d 821
|
| 999 |
|
|
|c 1161149
|d 1163079
|
| 952 |
|
|
|t P60, <03>, [BOOK], {603}, -K-
|a SNK
|b SNK
|y PREZ
|7 0
|p 17A0426081
|o snkSE 10618
|i snkKSP 5454/2004
|0 0
|1 0
|4 0
|d 2004-04-15
|f 1
|l 0
|r 2005-01-02 00:00:00
|w 2026-02-24
|
| 952 |
|
|
|t P60, <04>, [BOOK], {604}
|a SNK
|b SNK
|y VYP
|7 0
|p 17A0426080
|o snkSE 10618 D1
|i snkKSP 5455/2004
|0 0
|1 0
|4 0
|d 2004-04-15
|l 0
|r 2005-01-02 00:00:00
|w 2026-02-24
|